=LDR 00000nam 2200000 4500 =001 INLIS000000000026835 =005 20240624012804 =035 ##$$a 0010-061300000026835 =008 240624################g##########0#ind## =041 ##$$a ind =082 ##$$a 808.02 =090 ##$$a 808.02, ATM m =100 ##$$a Atmowiloto, Arswendo =245 1#$$a Mengarang itu gampang, : $b Menulis skenario dan laku /$c Arswendo Atmowiloto =260 ##$$a jakarta :$b Gramedia,$c 2002 =300 ##$$a x, 118 hlm ; $c 21 cm =650 #4$$a Kepengarangan =850 ##$$a NBPNMAT =020 ##$$a 978-979-22-7511-7 =084 ##$$a 808.02 ATM m =990 ##$$a 21102913 =990 ##$$a 21109032 =990 ##$$a 21400613/BPAP-NTB/20142014 =990 ##$$a 21400613/BPAP-NTB/20142014 =990 ##$$a 21400613/BPAP-NTB/20142014 =990 ##$$a 0001/BPAP-NTB/20142014 =990 ##$$a 0001/BPAP-NTB/20142014 =990 ##$$a 0001/BPAP-NTB/20142014 =990 ##$$a 0001/BPAP-NTB/20142014 =990 ##$$a 0001/BPAP-NTB/20142015